000 01552nam a2200289 i 4500
003 DO-SdBNP
005 20250116073944.0
006 a||||br|||| 00| 0
007 ta
008 230809e1982 |||ad||| |||| 00| 0 spa d
040 _aDO-SdBNP
_bspa
_cBNPHU
_erda
082 4 _222
_bR426p
110 1 _aRepública Dominicana.
_bSecretaría de Estado de Educación, Bellas Artes y Cultos
_eautor
_923965
245 1 0 _aPrograma del primer curso del segundo ciclo de la reforma de la educación primaria. /
_cPresentación, Ángel E. Hernández Castillo.
246 1 4 _aEducación Primaria:
_bquinto grado
264 _aSanto Domingo :
_b[sin lugar],
_c1982
300 _a323 páginas :
_bIlustraciones ;
_c27 cm.
336 _2rdacontent
_atexto
_btxt
337 _2rdamedia
_asin mediación
_bn
338 _2rdacarrier
_avolumen
_bnc
500 _aPortada: Mural del pintor Vela Zanetti, representa distintos aspectos de la educación.
504 _aBibliografía: páginas, [9-10]
505 _aPresentación.-- Agradecimiento.-- Resolución no.---- que aprueba los programas de 5to. grado de Educación Primaria.-- Comisión Elaboradora.-- Bibliografía para maestro.
_gObjetivos Generales del segundo ciclo:
_tLenguaje al Servicio de la Comunicación.-- Matemáticas.-- Estudios Sociales.-- La Naturaleza y sus Manifestaciones.-- Actividades Manuales y artes expresivas (Artes Plásticas).-- Educación Musical.-- Educación Física.
590 _aInventariado 2023 / MF
700 1 _aHernández Castillo, Ángel E.,
_epresentación
942 _2ddc
_cLBS1
999 _c54368
_d54368